Structured system analysis and design (Record no. 7805)
[ view plain ]
| 000 -LEADER | |
|---|---|
| fixed length control field | 00327nam a2200133Ia 4500 |
| 008 - FIXED-LENGTH DATA ELEMENTS--GENERAL INFORMATION | |
| fixed length control field | 191201s2019 xx 000 0 und d |
| 082 ## - DEWEY DECIMAL CLASSIFICATION NUMBER | |
| Classification number | 004.21 |
| Item number | DIS |
| 100 ## - MAIN ENTRY--PERSONAL NAME | |
| Personal name | DIXIT, JB |
| 245 #0 - TITLE STATEMENT | |
| Title | Structured system analysis and design |
| 250 ## - EDITION STATEMENT | |
| Edition statement | Rep |
| 260 ## - PUBLICATION, DISTRIBUTION, ETC. (IMPRINT) | |
| Name of publisher, distributor, etc | Laxmi Publications |
| Place of publication, distribution, etc | NEW DELHI |
| 300 ## - PHYSICAL DESCRIPTION | |
| Extent | 435 |
| 942 ## - ADDED ENTRY ELEMENTS (KOHA) | |
| Source of classification or shelving scheme | Dewey Decimal Classification |
| Koha item type | Text Books |
| 942 ## - ADDED ENTRY ELEMENTS (KOHA) | |
| -- | 6 |
| Withdrawn status | Lost status | Source of classification or shelving scheme | Damaged status | Not for loan | Collection code | Home library | Current library | Date acquired | Source of acquisition | Cost, normal purchase price | Bill Number | Total Checkouts | Full call number | Acc. no. / Barcode | Date last seen | Date last borrowed | Actual Cost, discounted price | Bill Date | Koha item type |
|---|---|---|---|---|---|---|---|---|---|---|---|---|---|---|---|---|---|---|---|
| Dewey Decimal Classification | BCA | PIET C-LIBRARY | PIET C-LIBRARY | 14/07/2012 | IBH, New Delhi | 250.00 | 5731 | 4 | 004.21 DIS | BC248 | 26/06/2023 | 16/06/2023 | 180.00 | 14/07/2012 | Text Books | ||||
| Dewey Decimal Classification | BCA | PIET C-LIBRARY | PIET C-LIBRARY | 14/07/2012 | IBH, New Delhi | 250.00 | 5731 | 4 | 004.21 DIS | BC249 | 05/08/2022 | 27/07/2022 | 180.00 | 14/07/2012 | Text Books | ||||
| Dewey Decimal Classification | BCA | PIET C-LIBRARY | PIET C-LIBRARY | 14/07/2012 | IBH, New Delhi | 250.00 | 5731 | 004.21 DIS | BC250 | 04/12/2019 | 180.00 | 14/07/2012 | Text Books |